000 01193nam0a22002531 4500
001 rc\4524007
005 20260409062830.0
021 _aRU
_bРг2199-69
035 _a(NLR Aleph) 008352468
090 _a8946381
_c8946381
100 _a20130416d1968 |||y0rusy50 ca
101 0 _arus
102 _aRU
105 _aa b |||||
200 1 _aКамерная электропечь с выдвижным подом СДО-23.46.16/10-30 исп. НО2Т
_e[Каталог]
_f[Изготовитель: Новосиб. завод электротерм. оборудования]
210 _aМосква
_cБ. и.
_d[1968]
215 _a8 с.
_cчерт.
_d29
225 1 _aОтделение ВНИИЭМ по научно-технической информации, стандартизации и нормализации в электротехнике. Информстандартэлектро
_v12.01.11-68
712 0 2 _aНовосибирский завод электротермического оборудования
_3RU\NLR\AUTH\8810216653
_9319204
801 0 _aRU
_bNLR
_gpsbo
801 1 _aRU
_bELAR
_2rusmarc
852 _aNLR
_jПт 20/1-12.01.11-68
942 _cBOOK
980 _aNB